书目信息 |
| 题名: |
左手教学,右手科研
|
|
| 作者: | 金培忠 , 汪福义 主编 | |
| 分册: | ||
| 出版信息: | 北京 现代出版社 2021.05 |
|
| 页数: | 274页 | |
| 开本: | 24cm | |
| 丛书名: | 名师名校名校长书系 | |
| 单 册: | ||
| 中图分类: | G633.302 | |
| 科图分类: | ||
| 主题词: | 中学语文课--教学研究--初中 | |
| 电子资源: | ||
| ISBN: | 978-7-5143-9224-1 | |
| 000 | 00952nam0 2200253 450 | |
| 001 | 012001000959 | |
| 005 | 20141202095857.0 | |
| 010 | @a978-7-5143-9224-1@dCNY45.00 | |
| 100 | @a20220905d2021 em y0chiy50 ea | |
| 101 | 0 | @achi |
| 102 | @aCN@b110000 | |
| 105 | @aa z 000yy | |
| 106 | @ar | |
| 200 | 1 | @a左手教学,右手科研@Azuo shou jiao xue , you shou ke yan@e金培忠名师工作室课题成果集@f金培忠,汪福义主编 |
| 210 | @a北京@c现代出版社@d2021.05 | |
| 215 | @a274页@c图@d24cm | |
| 225 | 1 | @a名师名校名校长书系 |
| 330 | @a本书分为课题篇、论文篇、体会篇三篇,内容包括:语文课堂自学策略研究,语文课堂导语策略研究,巧借旁批助自读,谈初中语文课堂中学生人文素养的培养,语文课堂教学导入之策略,钱梦龙老师的课堂导学艺术等。 | |
| 606 | 0 | @a中学语文课@x教学研究@x初中 |
| 690 | @aG633.302@v5 | |
| 701 | 0 | @a金培忠@Ajin pei zhong@4主编 |
| 701 | 0 | @a汪福义@Awang fu yi@4主编 |
| 801 | 0 | @aCN@bAHXH@c20221111 |
| 905 | @b1362699-703@dG633.302@e1007@f5 | |
| 左手教学,右手科研:金培忠名师工作室课题成果集/金培忠,汪福义主编.-北京:现代出版社,2021.05 |
| 274页:图;24cm.-(名师名校名校长书系) |
| ISBN 978-7-5143-9224-1:CNY45.00 |
| 本书分为课题篇、论文篇、体会篇三篇,内容包括:语文课堂自学策略研究,语文课堂导语策略研究,巧借旁批助自读,谈初中语文课堂中学生人文素养的培养,语文课堂教学导入之策略,钱梦龙老师的课堂导学艺术等。 |
| ● |
| 相关链接 |
|
|
|
|
正题名:左手教学,右手科研
索取号:G633.302/1007
 
预约/预借
| 序号 | 登录号 | 条形码 | 馆藏地/架位号 | 状态 | 备注 |
| 1 | 1362699 | 213626995 | 第一样本阅览室/ [索取号:G633.302/1007] | 在馆 | |
| 2 | 1362700 | 213627002 | 教育系资料室/ [索取号:G633.302/1007] | 在馆 | |
| 3 | 1362701 | 213627011 | 教育系资料室/ [索取号:G633.302/1007] | 在馆 | |
| 4 | 1362702 | 213627020 | 第四借阅区/ [索取号:G633.302/1007] | 在馆 | |
| 5 | 1362703 | 213627039 | 第四借阅区/ [索取号:G633.302/1007] | 在馆 |